000 00420nam a2200157 i 4500
001 bgj
100 1 _aGIBSON, Robert
245 0 _aIntroduction to counseling and guidance /
_cRobert Gibson, Marianne H. Mitchell.
250 _a2nd ed.
260 _aNew York ;
_aLondon,
_ccop. 1986.
700 1 _aMITCHELL, Marianne H.
040 _cBPK
041 _aeng
942 _cKS
008 s uk f |000 0 eng
999 _c47486
_d47486
856 _uhttp://koha.tu.koszalin.pl/cgi-bin/koha/opac-detail.pl?biblionumber=47486
_yKatalog online BPK